Library Banner

Freemasoney (Record no. 53880)

MARC details
000 -LEADER
fixed length control field 00493nam a2200181Ia 4500
001 - CONTROL NUMBER
control field 56567
008 - FIXED-LENGTH DATA ELEMENTS--GENERAL INFORMATION
fixed length control field 140506s9999 xx 000 0 und d
020 ## - INTERNATIONAL STANDARD BOOK NUMBER
International Standard Book Number NA
040 ## - CATALOGING SOURCE
Transcribing agency PK-LaUMT
082 ## - DEWEY DECIMAL CLASSIFICATION NUMBER
Classification number MAL 366.1
Item number SAF-F
100 ## - MAIN ENTRY--PERSONAL NAME
Personal name Safwat al-Saqqa Amini, Muhammad
245 ## - TITLE STATEMENT
Title Freemasoney
Statement of responsibility, etc Safwat al-Saqqa Amini, Muhammad<>Sadi Abu Habib
260 ## - PUBLICATION, DISTRIBUTION, ETC. (IMPRINT)
Place of publication, distribution, etc Mahhah al-Mukarramah,Saudia:
Name of publisher, distributor, etc Muslim World League,
Date of publication, distribution, etc 1980
300 ## - PHYSICAL DESCRIPTION
Extent 131 p.
546 ## - LANGUAGE NOTE
Language note EN
700 ## - ADDED ENTRY--PERSONAL NAME
Personal name Sadi Abu Habib
942 ## - ADDED ENTRY ELEMENTS (KOHA)
Koha item type Books
Holdings
Withdrawn status Lost status Damaged status Not for loan Home library Current library Date acquired Total Checkouts Full call number Barcode Date last seen Price effective from Koha item type
        UMT Main Campus UMT Main Campus 2014-05-06   MAL 366.1 SAF-F 75553 2014-05-08 2014-05-08 Books